El amor romántico, como renuncia y sacrificio: ¿Qué opinan los y las jóvenes? (Record no. 207460)

MARC details
000 -CABECERA
campo de control de longitud fija 02519nab a2200313 a 4500
005 - FECHA Y HORA DE LA ÚLTIMA TRANSACCIÓN
campo de control 20241016063852.0
008 - ELEMENTOS DE LONGITUD FIJA--INFORMACIÓN GENERAL
campo de control de longitud fija 991125c2019 sp fr p o 000 0 spa d
035 ## - NÚMERO DE CONTROL DEL SISTEMA
Número de control de sistema UPN01000235365
040 ## - FUENTE DE LA CATALOGACIÓN
Centro catalogador/agencia de origen MX-MxUPN
Lengua de catalogación spa
Centro/agencia transcriptor MX-MxUPN
Normas de descripción aacr2
049 ## - COLECCIÓN
Colección ART-E
100 1# - ASIENTO PRINCIPAL--NOMBRE PERSONAL
Nombre de persona Bosch Fiol, Esperanza
9 (RLIN) 40908
100 1# - ASIENTO PRINCIPAL--NOMBRE PERSONAL
Nombre de persona Herrezuelo, Raquel
100 1# - ASIENTO PRINCIPAL--NOMBRE PERSONAL
Nombre de persona Ferrer Pérez, Victoria A.
Enlace - victoria.ferrer@uib.es
245 10 - MENCIÓN DE TÍTULO
Título El amor romántico, como renuncia y sacrificio: ¿Qué opinan los y las jóvenes?
Medio [recurso electrónico en línea]
506 0# - NOTA DE RESTRICCIONES AL ACCESO
Limitaciones de acceso Acceso abierto
520 3# - NOTA DE RESUMEN, ETC.
Sumario, etc. El amor romántico y los mitos relacionados con él están fuertemente generizados, y dan lugar a creencias y actitudes erróneas sobre la pareja y su continuidad que, además de condicionar las relaciones afectivas, han sido relacionadas con la génesis y el mantenimiento de la violencia contra las mujeres en la pareja. Entre estas creencias están las relativas al papel del sacrificio y la renuncia (descritas en la tipología de Lee como estilo de amor Ágape), que se consideran como parte indisoluble del concepto de amor romántico, y del mandato de género tradicional femenino, y que pueden ser auto-limitantes, y constituir una violencia encubierta. Con objeto de indagar en esta cuestión y en las diferencias entre mujeres y hombres al afrontar estas renuncias, se realizó un estudio cualitativo proponiendo a una muestra de 260 estudiantes universitarios/as que valoraran hasta qué punto estarían dispuestos/as a realizar cambios en distintos aspectos importantes de sus vidas (el lugar de residencia, el empleo, las amistades, y el proyecto vital) por amor. Los resultados indican que este alumnado manifiesta estar dispuesto a realizar determinados sacrificios en nombre del amor (especialmente en lo relativo al cambio de domicilio), pero no otros (como las amistades), si bien las motivaciones expresadas por los chicos y las chicas son diferentes.
650 #4 - ASIENTO SECUNDARIO DE MATERIA - TERMINO TEMATICO
Término de materia o nombre geográfico como elemento de entrada Género
9 (RLIN) 5712
650 #2 - ASIENTO SECUNDARIO DE MATERIA - TERMINO TEMATICO
9 (RLIN) 5660
Término de materia o nombre geográfico como elemento de entrada Jóvenes
653 0# - TERMINO DE INDIZACION - NO CONTROLADO
Término no controlado Amor romántico
653 0# - TERMINO DE INDIZACION - NO CONTROLADO
Término no controlado Creencias
653 0# - TERMINO DE INDIZACION - NO CONTROLADO
Término no controlado Socialización diferencial
653 0# - TERMINO DE INDIZACION - NO CONTROLADO
Término no controlado Renuncia
773 ## - ENLACE AL DOCUMENTO FUENTE/ENTRADA DE REGISTRO ANFITRIÓN
Parte(s) relacionada(s) Vol. 4, no. 3 (2019), p. 184-202
Título Femeris : revista multidisciplinaria de estudios de género
Número Internacional Normalizado para Publicaciones Seriadas 2530-2442
856 40 - LOCALIZACIÓN Y ACCESO ELECTRÓNICOS
Identificador Uniforme del Recurso <a href="https://e-revistas.uc3m.es/index.php/FEMERIS/article/view/4935/3502">https://e-revistas.uc3m.es/index.php/FEMERIS/article/view/4935/3502</a>
856 40 - LOCALIZACIÓN Y ACCESO ELECTRÓNICOS
Identificador Uniforme del Recurso <a href="https://doi.org/10.20318/femeris.2019.4935">https://doi.org/10.20318/femeris.2019.4935</a>
Nota pública Consultar articulo completo
902 ## - ELEMENTOS DE DATOS B LOCAL, LDB (RLIN)
Creó GloriaJiménez
Modificó GloriaJiménez/290922
905 ## - TIPO DE MATERIAL
Tipo de material Articulo
942 ## - ELEMENTOS DE PUNTO DE ACCESO ADICIONAL (KOHA)
Tipo de ítem Koha Artículo Electrónico
Holdings
Estado de retiro Estado de pérdida Estado dañado No para préstamo Código de colección Localización permanente Ubicación/localización actual Ubicación en estantería Fecha de adquisición Total de préstamos Fecha visto por última vez Identificador Uniforme del Recurso Precio válido a partir de Tipo de ítem Koha
        Acceso abierto Bib. Gregorio Torres Quintero Bib. Gregorio Torres Quintero En línea 29/09/2022   29/09/2022 https://doi.org/10.20318/femeris.2019.4935 29/09/2022 Artículo Electrónico